[Event "Young Stars 2"]
[Site "Montreal CAN"]
[Date "2017.12.09"]
[Round "2.11"]
[White "Yan, Alex Jikai"]
[Black "Omichi, Kevin"]
[Result "1-0"]
[WhiteElo "1440"]
[BlackElo "1148"]
[WhiteFideId "-1"]
[WhiteFideId "-1"]
[PlyCount "95"]
[GameId "2160767908292172"]
[EventDate "2017.12.09"]
[EventType "swiss"]
[EventRounds "8"]
[EventCountry "CAN"]
[SourceTitle "hb 2017"]

1. e4 c5 2. Nf3 Nc6 3. c3 Nf6 4. e5 Nd5 5. d4 cxd4 6. cxd4 e6 7. Nc3 Bb4 8. Bd2 O-O 9. Bc4 Nxc3 10. bxc3 Be7 11. O-O d5 12. Bd3 f5 13. Qc1 Qe8 14. Bg5 Bxg5 15. Qxg5 h6 16. Qd2 g5 17. h4 g4 18. Ne1 Qg6 19. Qf4 Rf7 20. Nc2 Rh7 21. Na3 a6 22. c4 Nb4 23. Be2 Rg7 24. Rab1 Nc6 25. Bd1 g3 26. f3 Qh5 27. Bb3 dxc4 28. Nxc4 Rd7 29. Qxg3+ Kh7 30. Nb6 Rg7 31. Qf2 Rb8 32. Nxc8 Rxc8 33. Bxe6 Rd8 34. Rfd1 Qg6 35. Bc4 Nxd4 36. Bf1 Nc6 37. Rxd8 Nxd8 38. Rd1 Nc6 39. Rd6 Qe8 40. f4 Rd7 41. Qd2 Rf7 42. Bc4 Rg7 43. Qd3 Qc8 44. Be6 Qf8 45. Bxf5+ Kh8 46. Rxh6+ Kg8 47. Be6+ Rf7 48. Qh7# 1-0

[Event "Young Stars 2"]
[Site "Montreal CAN"]
[Date "2017.12.09"]
[Round "2.12"]
[White "Chapdelaine, Gwyn"]
[Black "Bercuvitz, Tani"]
[Result "1-0"]
[WhiteElo "1285"]
[BlackElo "1375"]
[WhiteFideId "-1"]
[WhiteFideId "-1"]
[PlyCount "51"]
[GameId "2160767908292173"]
[EventDate "2017.12.09"]
[EventType "swiss"]
[EventRounds "8"]
[EventCountry "CAN"]
[SourceTitle "hb 2017"]

1. e4 e5 2. Nf3 Nc6 3. Bc4 Bc5 4. Nc3 Nf6 5. d3 O-O 6. Bg5 h6 7. Bh4 d6 8. Qd2 Bg4 9. Nd5 Kh7 10. Bxf6 gxf6 11. h3 Bxf3 12. gxf3 Nd4 13. O-O-O Nxf3 14. Qe2 Ng5 15. h4 Ne6 16. Qh5 Ng7 17. Qf3 Ne8 18. Qf5+ Kh8 19. Qh5 Kh7 20. Rhg1 Ng7 21. Rxg7+ Kxg7 22. Rg1+ Kh7 23. Qf5+ Kh8 24. Nxf6 Qxf6 25. Qxf6+ Kh7 26. Qg7# 1-0

[Event "Young Stars 2"]
[Site "Montreal CAN"]
[Date "2017.12.10"]
[Round "3.1"]
[White "Tanaka, Tyler"]
[Black "Tomb, Maroun"]
[Result "1/2-1/2"]
[WhiteElo "1993"]
[BlackElo "2177"]
[WhiteFideId "-1"]
[WhiteFideId "-1"]
[PlyCount "50"]
[GameId "2160767908292174"]
[EventDate "2017.12.09"]
[EventType "swiss"]
[EventRounds "8"]
[EventCountry "CAN"]
[SourceTitle "EXT 2022"]
[Source "ChessBase"]
[SourceDate "2021.10.06"]
[SourceVersion "1"]
[SourceVersionDate "2021.10.06"]
[SourceQuality "1"]

1. e4 d6 2. d4 Nf6 3. Nc3 e5 4. dxe5 dxe5 5. Qxd8+ Kxd8 6. Bc4 Ke8 7. Nf3 Bd6 8. Bg5 Nbd7 9. O-O-O a6 10. a4 h6 11. Bh4 g5 12. Bg3 Kf8 13. Nd2 Nh5 14. Be2 Nf4 15. Nc4 Bc5 16. Bg4 Bd4 17. Bxf4 gxf4 18. Ne2 Nb6 19. Bxc8 Nxc4 20. Nxd4 Rxc8 21. Nf5 Rg8 22. g3 Rg6 23. Rd5 Re8 24. Rd7 Rc6 25. b3 Nb6 1/2-1/2

[Event "Young Stars 2"]
[Site "Montreal CAN"]
[Date "2017.12.10"]
[Round "3.2"]
[White "Durette, Francis"]
[Black "Zhong, Kevin"]
[Result "1-0"]
[WhiteElo "1990"]
[BlackElo "1912"]
[WhiteFideId "-1"]
[WhiteFideId "-1"]
[PlyCount "53"]
[GameId "2160767908292175"]
[EventDate "2017.12.09"]
[EventType "swiss"]
[EventRounds "8"]
[EventCountry "CAN"]
[SourceTitle "hb 2017"]

1. c4 e6 2. d4 d5 3. Nf3 c5 4. e3 Nf6 5. Nc3 Nc6 6. Be2 cxd4 7. exd4 dxc4 8. Bxc4 Be7 9. O-O O-O 10. h3 Nb4 11. a3 Nbd5 12. Qb3 b6 13. Nxd5 Nxd5 14. Be3 Bb7 15. Qd3 Bf6 16. Ba6 Bxa6 17. Qxa6 Ne7 18. Rfd1 Qd5 19. Rac1 Nf5 20. Rd3 Rfd8 21. Rcd1 Rd7 22. Ne5 Rd6 23. Ng4 Bd8 24. Bf4 Rc6 25. Ne5 Rc2 26. Qa4 Rxb2 27. Qe8# 1-0

[Event "Young Stars 2"]
[Site "Montreal CAN"]
[Date "2017.12.10"]
[Round "3.3"]
[White "Jacquet, Stephane"]
[Black "Bassel, Charaf"]
[Result "0-1"]
[WhiteElo "1951"]
[BlackElo "1973"]
[WhiteFideId "-1"]
[WhiteFideId "-1"]
[PlyCount "112"]
[GameId "2160767908292176"]
[EventDate "2017.12.09"]
[EventType "swiss"]
[EventRounds "8"]
[EventCountry "CAN"]
[SourceTitle "hb 2017"]

1. d4 d5 2. c4 e6 3. Nc3 Nf6 4. cxd5 exd5 5. Bg5 c6 6. Qc2 Be7 7. e3 Nbd7 8. Bd3 O-O 9. Nf3 Re8 10. O-O h6 11. Bh4 Ne4 12. Bg3 Nxg3 13. hxg3 Nf8 14. Ne5 Bd6 15. Nf3 Bg4 16. Rae1 Qf6 17. Nh4 g6 18. f4 Re7 19. Nf3 Bxf3 20. gxf3 Rae8 21. Qf2 Ne6 22. Kg2 Kg7 23. a3 Rh8 24. b4 h5 25. Ne2 h4 26. g4 g5 27. f5 Nc7 28. e4 dxe4 29. fxe4 Rhe8 30. e5 Bxe5 31. dxe5 Rxe5 32. Ng1 Nd5 33. Qd2 Rxe1 34. Rxe1 Rxe1 35. Qxe1 Nf4+ 36. Kf1 Nxd3 37. Qe3 Qa1+ 38. Ke2 Nf4+ 39. Kd2 Qb2+ 40. Kd1 Qa1+ 41. Kd2 Qa2+ 42. Kd1 Qd5+ 43. Kc2 Qg2+ 44. Kb1 Qxg4 45. Qe5+ Kh7 46. Qf6 Qxg1+ 47. Ka2 Qg2+ 48. Kb3 Qd5+ 49. Kc2 Ne2 50. Qxg5 Nd4+ 51. Kc3 Nxf5 52. Qh5+ Kg7 53. Qg5+ Kf8 54. Qh5 Qe5+ 55. Kd2 Qf4+ 56. Kc3 h3 0-1

[Event "Young Stars 2"]
[Site "Montreal CAN"]
[Date "2017.12.10"]
[Round "3.4"]
[White "Guipi Bopala, Prince Eric jr"]
[Black "Pomerantz, Daniel"]
[Result "0-1"]
[WhiteElo "1606"]
[BlackElo "1905"]
[WhiteFideId "-1"]
[WhiteFideId "-1"]
[PlyCount "64"]
[GameId "2160767908292177"]
[EventDate "2017.12.09"]
[EventType "swiss"]
[EventRounds "8"]
[EventCountry "CAN"]
[SourceTitle "hb 2017"]

1. e4 c5 2. Nf3 e6 3. d4 cxd4 4. Nxd4 Nc6 5. Nc3 Qc7 6. Be3 a6 7. Qd2 Nf6 8. Be2 Be7 9. O-O-O b5 10. f3 h5 11. Kb1 Bb7 12. Nb3 Ne5 13. Bf4 d6 14. Bg3 Bc6 15. Bd3 O-O 16. Bf2 b4 17. Ne2 a5 18. Nbd4 Rfb8 19. h3 a4 20. g4 b3 21. cxb3 axb3 22. a3 d5 23. Nxc6 Qxc6 24. Nd4 Qa4 25. Bb5 Rxb5 26. Nxb5 Qxb5 27. exd5 Nxd5 28. gxh5 Nc4 29. Qd3 Nb4 30. Qxb3 Qf5+ 31. Ka1 Nc2+ 32. Kb1 N2xa3+ 0-1

[Event "Young Stars 2"]
[Site "Montreal CAN"]
[Date "2017.12.10"]
[Round "3.5"]
[White "Saine, Zachary"]
[Black "Chang, Alexander"]
[Result "1/2-1/2"]
[WhiteElo "1854"]
[BlackElo "1513"]
[WhiteFideId "-1"]
[WhiteFideId "-1"]
[PlyCount "87"]
[GameId "2160767908292178"]
[EventDate "2017.12.09"]
[EventType "swiss"]
[EventRounds "8"]
[EventCountry "CAN"]
[SourceTitle "hb 2017"]

1. e4 e5 2. Nf3 Nc6 3. Bc4 Bc5 4. c3 Nf6 5. d4 exd4 6. cxd4 Bb4+ 7. Bd2 Bxd2+ 8. Nbxd2 d5 9. exd5 Nxd5 10. Qb3 Na5 11. Qa4+ c6 12. Bxd5 Qxd5 13. Rc1 b6 14. b4 Nb7 15. Qxc6+ Qxc6 16. Rxc6 O-O 17. O-O Be6 18. a4 Rac8 19. Rfc1 Rxc6 20. Rxc6 Bd5 21. Rc7 f6 22. Nb1 Rf7 23. Rc8+ Rf8 24. Rxf8+ Kxf8 25. Nc3 Bxf3 26. gxf3 Nd6 27. Nb5 Nxb5 28. axb5 Ke7 29. Kf1 Ke6 30. Ke2 Kd5 31. Kd3 h5 32. f4 f5 33. h4 g6 34. f3 Kd6 35. Kc4 Ke6 36. d5+ Kd7 37. Kd3 Ke7 38. Kc3 Kd7 39. Kc4 Kc7 40. Kd4 Kd6 41. Kc4 Kc7 42. Kd3 Kd7 43. Kd4 Kd6 44. Kc4 1/2-1/2

[Event "Young Stars 2"]
[Site "Montreal CAN"]
[Date "2017.12.10"]
[Round "3.6"]
[White "Leger, Manon"]
[Black "Richard, Leo"]
[Result "1/2-1/2"]
[WhiteElo "1946"]
[BlackElo "1634"]
[WhiteFideId "-1"]
[WhiteFideId "-1"]
[PlyCount "132"]
[GameId "2160767908292179"]
[EventDate "2017.12.09"]
[EventType "swiss"]
[EventRounds "8"]
[EventCountry "CAN"]
[SourceTitle "hb 2017"]

1. e4 c5 2. Nf3 e6 3. d4 cxd4 4. Nxd4 a6 5. c4 Qc7 6. Nc3 Nf6 7. Be3 d6 8. Be2 Be7 9. O-O O-O 10. f4 Nbd7 11. Rc1 b6 12. Bf3 Bb7 13. Qe2 Rac8 14. b3 Qb8 15. Bf2 Bd8 16. Rfd1 Bc7 17. Nc2 Rfd8 18. Ne3 Nc5 19. Ng4 Nxg4 20. Bxg4 Qa8 21. Bf3 Qb8 22. Bd4 d5 23. e5 dxc4 24. Bxb7 Qxb7 25. Bxc5 bxc5 26. Qxc4 Rd4 27. Rxd4 cxd4 28. Ne2 d3 29. Qxd3 Bb6+ 30. Kh1 Rb8 31. Qc2 Qd5 32. Nc3 Qc5 33. h3 Rc8 34. Qe4 Qe3 35. Qxe3 Bxe3 36. Rd1 Bxf4 37. Ne4 Bxe5 38. g4 g6 39. Rd2 f5 40. Nf2 Bf4 41. Rd7 Rc1+ 42. Kg2 Rc2 43. Kf3 Be5 44. Nd3 Rc3 45. Ke2 Bh2 46. Kd2 Rc6 47. Nb4 Rd6+ 48. Rxd6 Bxd6 49. Nxa6 Kf8 50. b4 Ke8 51. a4 Kd8 52. Kd3 Kc8 53. Kc4 Kb7 54. Nc5+ Bxc5 55. Kxc5 fxg4 56. hxg4 h5 57. gxh5 gxh5 58. Kd4 h4 59. Ke4 e5 60. Kf3 Kc6 61. Kg4 Kd5 62. Kxh4 e4 63. Kg3 Kc4 64. b5 e3 65. Kf3 Kd3 66. b6 e2 1/2-1/2

[Event "Young Stars 2"]
[Site "Montreal CAN"]
[Date "2017.12.10"]
[Round "3.7"]
[White "Joanis, Marc-Andre"]
[Black "Gauthier, Denis"]
[Result "1/2-1/2"]
[WhiteElo "1797"]
[BlackElo "1833"]
[WhiteFideId "-1"]
[WhiteFideId "-1"]
[PlyCount "111"]
[GameId "2160767908292180"]
[EventDate "2017.12.09"]
[EventType "swiss"]
[EventRounds "8"]
[EventCountry "CAN"]
[SourceTitle "hb 2017"]

1. Nf3 Nf6 2. c4 e6 3. g3 d5 4. Bg2 c6 5. O-O Nbd7 6. d4 Be7 7. Qc2 O-O 8. Nbd2 b6 9. e4 dxe4 10. Nxe4 Bb7 11. Rd1 Nxe4 12. Qxe4 Nf6 13. Qc2 h6 14. Bf4 Rc8 15. Ne5 Nh5 16. Be3 Qc7 17. Qe2 Nf6 18. Bf4 Bd6 19. c5 Bxe5 20. Bxe5 Qd7 21. Bxf6 gxf6 22. Qh5 Kh7 23. Qh4 f5 24. g4 Rg8 25. h3 fxg4 26. hxg4 f5 27. f3 Qg7 28. b4 Rcd8 29. g5 Qxg5 30. Qxg5 hxg5 31. Kf2 Kg6 32. Ke3 Rh8 33. Rh1 Kf6 34. a4 e5 35. dxe5+ Kxe5 36. Rad1 f4+ 37. Kf2 Ba6 38. Rhe1+ Kf6 39. Rh1 Rxh1 40. Rxd8 Rb1 41. b5 cxb5 42. cxb6 Rb2+ 43. Kg1 axb6 44. Rd6+ Ke5 45. Rxb6 Bc8 46. Rxb5+ Rxb5 47. axb5 Bb7 48. Kf2 Kd4 49. Bf1 Bd5 50. Be2 Kc5 51. Bd3 Be6 52. Kg2 Bd7 53. Kh2 Kd4 54. b6 Bc8 55. Be4 g4 56. b7 1/2-1/2

[Event "Young Stars 2"]
[Site "Montreal CAN"]
[Date "2017.12.10"]
[Round "3.8"]
[White "Steinberg, Ellis"]
[Black "Craciun, David"]
[Result "1-0"]
[WhiteElo "1674"]
[BlackElo "1680"]
[WhiteFideId "-1"]
[WhiteFideId "-1"]
[PlyCount "75"]
[GameId "2160767908292181"]
[EventDate "2017.12.09"]
[EventType "swiss"]
[EventRounds "8"]
[EventCountry "CAN"]
[SourceTitle "hb 2017"]

1. e4 e5 2. Nf3 Nc6 3. Bb5 a6 4. Ba4 Nf6 5. O-O Be7 6. Re1 b5 7. Bb3 O-O 8. h3 Bb7 9. d3 d6 10. c3 Na5 11. Bc2 c5 12. Nbd2 Re8 13. Nf1 Bf8 14. Ng3 g6 15. d4 exd4 16. cxd4 Bg7 17. Bf4 Qb6 18. d5 Nd7 19. Rb1 Nc4 20. Qc1 Nde5 21. Nh2 b4 22. Bh6 Bh8 23. f4 Nd7 24. Ba4 Bd4+ 25. Kh1 Bf2 26. Qxc4 Bxe1 27. Rxe1 Qc7 28. Ng4 Nb6 29. Nf6+ Kh8 30. Nxe8 Rxe8 31. Qc2 Re7 32. Rc1 c4 33. Qd1 Nxa4 34. Qxa4 Qc5 35. Qd1 a5 36. Qg4 Qd4 37. Qh4 Re8 38. e5 1-0

[Event "Young Stars 2"]
[Site "Montreal CAN"]
[Date "2017.12.10"]
[Round "3.9"]
[White "Omichi, Haruaki"]
[Black "Chapdelaine, Gwyn"]
[Result "1-0"]
[WhiteElo "1485"]
[BlackElo "1285"]
[WhiteFideId "-1"]
[WhiteFideId "-1"]
[PlyCount "67"]
[GameId "2160767908292182"]
[EventDate "2017.12.09"]
[EventType "swiss"]
[EventRounds "8"]
[EventCountry "CAN"]
[SourceTitle "hb 2017"]

1. e4 e5 2. Nf3 Nc6 3. Nc3 Nf6 4. d4 exd4 5. Nxd4 Bb4 6. Nxc6 bxc6 7. Bd3 h6 8. O-O O-O 9. f4 Bc5+ 10. Kh1 d5 11. e5 Ng4 12. Qe1 Re8 13. h3 Nf2+ 14. Rxf2 Bxf2 15. Qxf2 Bb7 16. Be3 Qd7 17. Bc5 Rad8 18. Ne2 d4 19. Nxd4 Qd5 20. Nf5 Qe6 21. Ne3 f6 22. Bc4 Rd5 23. Nxd5 cxd5 24. Bd3 fxe5 25. fxe5 d4 26. Kg1 Qd5 27. b4 Qxe5 28. Rf1 Be4 29. Bxd4 Qe6 30. Bxe4 Qxe4 31. c3 Qg6 32. Qf5 Qc6 33. Qf7+ Kh7 34. Qxg7# 1-0

[Event "Young Stars 2"]
[Site "Montreal CAN"]
[Date "2017.12.10"]
[Round "3.10"]
[White "Rasmussen, Nicolas"]
[Black "Duplessis, Claude"]
[Result "1-0"]
[WhiteElo "1062"]
[BlackElo "1518"]
[WhiteFideId "-1"]
[WhiteFideId "-1"]
[PlyCount "149"]
[GameId "2160767908292183"]
[EventDate "2017.12.09"]
[EventType "swiss"]
[EventRounds "8"]
[EventCountry "CAN"]
[SourceTitle "hb 2017"]

1. e4 e5 2. Nf3 Nc6 3. c3 d5 4. Qa4 f6 5. exd5 Qxd5 6. d3 Bf5 7. Be3 Bxd3 8. Bxd3 Qxd3 9. Nbd2 Bd6 10. O-O-O Qf5 11. Ne4 Qe6 12. Rd3 Nge7 13. Rhd1 Nf5 14. Bc5 O-O 15. Bxd6 cxd6 16. Nxd6 Nxd6 17. Rxd6 Qc8 18. Rd7 Rd8 19. Qb3+ Kh8 20. Qxb7 Qxb7 21. Rxb7 Rxd1+ 22. Kxd1 Rc8 23. Nd2 Kg8 24. Nb3 Kf8 25. Ke2 h6 26. Ke3 f5 27. Nc5 Ne7 28. Nd7+ Kf7 29. Nxe5+ Ke6 30. Rxa7 Nd5+ 31. Kd4 Nc7 32. Ra5 Rd8+ 33. Ke3 Nd5+ 34. Kf3 g5 35. h3 Nf4 36. g3 Nxh3 37. Kg2 g4 38. Nc6 Rd2 39. Nd4+ Kd6 40. Rxf5 Rxb2 41. a4 Rb1 42. a5 Rg1+ 43. Kh2 Ra1 44. Rf6+ Ke5 45. Rxh6 Ke4 46. a6 Nxf2 47. Re6+ Kd3 48. Kg2 Nh3 49. Re3+ Kc4 50. Re4 Ra2+ 51. Kf1 Kxc3 52. Rxg4 Rxa6 53. Kg2 Rh6 54. Ne2+ Kd3 55. Nf4+ Nxf4+ 56. Rxf4 Ke3 57. Rf3+ Ke4 58. g4 Rg6 59. Kg3 Rg5 60. Kh4 Rg8 61. Rf5 Rh8+ 62. Rh5 Rg8 63. Kg3 Rg7 64. Rf5 Rg8 65. Rf4+ Ke5 66. Kf3 Rg5 67. Kg3 Rg7 68. Rf5+ Ke6 69. Kh4 Rh7+ 70. Rh5 Rxh5+ 71. Kxh5 Kf6 72. Kh6 Kf7 73. g5 Kg8 74. Kg6 Kh8 75. Kf7 1-0

[Event "Young Stars 2"]
[Site "Montreal CAN"]
[Date "2017.12.10"]
[Round "3.12"]
[White "Wang, Rachel Zihan"]
[Black "Liu, Kevin1"]
[Result "0-1"]
[WhiteElo "1323"]
[BlackElo "1456"]
[WhiteFideId "-1"]
[WhiteFideId "-1"]
[PlyCount "112"]
[GameId "2160767908292185"]
[EventDate "2017.12.09"]
[EventType "swiss"]
[EventRounds "8"]
[EventCountry "CAN"]
[SourceTitle "EXT 2022"]
[Source "ChessBase"]
[SourceDate "2021.10.06"]
[SourceVersion "1"]
[SourceVersionDate "2021.10.06"]
[SourceQuality "1"]

1. e4 c5 2. Nf3 Nc6 3. d4 cxd4 4. Nxd4 g6 5. Nc3 Bg7 6. Nxc6 bxc6 7. Bc4 d6 8. O-O Nf6 9. Be3 O-O 10. f4 c5 11. f5 Bb7 12. fxg6 hxg6 13. Bd3 Qc7 14. Nb5 Qd7 15. e5 Ng4 16. Bc1 Nxe5 17. c4 a6 18. Nc3 Nxd3 19. Qxd3 Qg4 20. Nd5 Qd4+ 21. Qxd4 Bxd4+ 22. Kh1 e6 23. Nf6+ Kg7 24. Ng4 Rh8 25. Rb1 Be4 26. Ra1 Bd3 27. Rf3 Bxc4 28. a3 Bd5 29. Rg3 f5 30. Nh6 Rxh6 31. Bxh6+ Kxh6 32. Rb1 Be4 33. Rd1 Be5 34. Re3 Rb8 35. b3 Kg5 36. a4 Rh8 37. h3 Kf4 38. Ree1 Rxh3+ 39. Kg1 Rg3 40. Rf1+ Kg4 41. Rd2 Bd4+ 42. Kh2 Be5 43. Kg1 f4 44. Kh1 f3 45. gxf3+ Bxf3+ 46. Rxf3 Kxf3 47. Rh2 Bd4 48. Rh7 Rg1+ 49. Kh2 Rg2+ 50. Kh3 Rg3+ 51. Kh2 Be5 52. Kh1 Kg4 53. Re7 Bd4 54. Rxe6 Kh3 55. Re1 Rg2 56. b4 Rh2# 0-1

[Event "Young Stars 2"]
[Site "Montreal CAN"]
[Date "2017.12.10"]
[Round "3.13"]
[White "Bercuvitz, Tani"]
[Black "Omichi, Kevin"]
[Result "1/2-1/2"]
[WhiteElo "1375"]
[BlackElo "1148"]
[WhiteFideId "-1"]
[WhiteFideId "-1"]
[PlyCount "131"]
[GameId "2160767908292186"]
[EventDate "2017.12.09"]
[EventType "swiss"]
[EventRounds "8"]
[EventCountry "CAN"]
[SourceTitle "hb 2017"]

1. d4 d5 2. c4 e6 3. Nc3 Nf6 4. Bg5 dxc4 5. e4 Be7 6. Bxc4 O-O 7. Nf3 Nbd7 8. O-O c6 9. Re1 Nb6 10. Bb3 Nfd7 11. Bxe7 Qxe7 12. Rc1 Nf6 13. d5 Rd8 14. Qc2 cxd5 15. exd5 Bd7 16. dxe6 fxe6 17. Rcd1 Re8 18. Ng5 g6 19. Qe2 h6 20. Bxe6+ Bxe6 21. Qxe6+ Qxe6 22. Rxe6 Rxe6 23. Nxe6 Re8 24. Nc5 Re7 25. Nb5 Nc8 26. g3 b6 27. Rd8+ Re8 28. Rxe8+ Nxe8 29. Ne4 Kf7 30. f4 a6 31. Nc7 Nxc7 32. Kf2 Ke6 33. Ke3 Nd6 34. Nd2 Kd5 35. b3 b5 36. g4 a5 37. Nf3 Ne6 38. Ne5 Nf8 39. h3 g5 40. Nd3 gxf4+ 41. Nxf4+ Kc6 42. Kd4 Kd7 43. Kd5 a4 44. bxa4 bxa4 45. h4 Nf7 46. g5 hxg5 47. hxg5 Nxg5 48. Nd3 Kc7 49. Nc5 a3 50. Kc4 Kc6 51. Kb4 Nf7 52. Nb3 Nd6 53. Kxa3 Kb5 54. Kb2 Kb4 55. a3+ Ka4 56. Nc5+ Kb5 57. Nd3 Nc4+ 58. Kb3 Na5+ 59. Kb2 Ne6 60. Kc3 Nc4 61. Kb3 Nd4+ 62. Kc3 Ne2+ 63. Kb3 Nd4+ 64. Kc3 Nc6 65. a4+ Kxa4 66. Kxc4 1/2-1/2

[Event "Young Stars 2"]
[Site "Montreal CAN"]
[Date "2017.12.10"]
[Round "4.1"]
[White "Tomb, Maroun"]
[Black "Richard, Leo"]
[Result "1-0"]
[WhiteElo "2177"]
[BlackElo "1634"]
[WhiteFideId "-1"]
[WhiteFideId "-1"]
[PlyCount "31"]
[GameId "2160767908292187"]
[EventDate "2017.12.09"]
[EventType "swiss"]
[EventRounds "8"]
[EventCountry "CAN"]
[SourceTitle "hb 2017"]

1. e4 c5 2. Ne2 Nc6 3. Nbc3 g6 4. d4 cxd4 5. Nxd4 Bg7 6. Nde2 Nf6 7. g3 d6 8. Bg2 O-O 9. O-O Bd7 10. h3 Rc8 11. Be3 a6 12. a4 Ne5 13. b3 Qa5 14. f4 Nc6 15. Qd2 Rfd8 16. Rab1 1-0

[Event "Young Stars 2"]
[Site "Montreal CAN"]
[Date "2017.12.10"]
[Round "4.2"]
[White "Chang, Alexander"]
[Black "Joanis, Marc-Andre"]
[Result "1/2-1/2"]
[WhiteElo "1513"]
[BlackElo "1797"]
[WhiteFideId "-1"]
[WhiteFideId "-1"]
[PlyCount "75"]
[GameId "2160767908292188"]
[EventDate "2017.12.09"]
[EventType "swiss"]
[EventRounds "8"]
[EventCountry "CAN"]
[SourceTitle "hb 2017"]

1. e4 Nf6 2. e5 Nd5 3. c4 Nb6 4. d4 d6 5. exd6 exd6 6. Nf3 Be7 7. Nc3 O-O 8. Be2 Bf6 9. O-O Nc6 10. Be3 Bg4 11. b3 d5 12. c5 Nc8 13. h3 Bh5 14. a3 a5 15. Rb1 b6 16. b4 axb4 17. axb4 bxc5 18. bxc5 Bg6 19. Bd3 N8e7 20. Bxg6 Nxg6 21. Qd3 Qd7 22. Rb5 Nh4 23. Nxh4 Bxh4 24. Rfb1 Rfb8 25. Rxb8+ Rxb8 26. Rxb8+ Nxb8 27. Qb5 Qxb5 28. Nxb5 Na6 29. Kf1 Kf8 30. Ke2 Ke8 31. Kd3 Kd7 32. Kc3 Kc6 33. Na3 f5 34. g3 Bf6 35. Kd3 Nb8 36. Kc3 Na6 37. Kd3 Nb8 38. Kc3 1/2-1/2

[Event "Young Stars 2"]
[Site "Montreal CAN"]
[Date "2017.12.10"]
[Round "4.3"]
[White "Bassel, Charaf"]
[Black "Steinberg, Ellis"]
[Result "1-0"]
[WhiteElo "2073"]
[BlackElo "1674"]
[WhiteFideId "-1"]
[WhiteFideId "-1"]
[PlyCount "101"]
[GameId "2160767908292189"]
[EventDate "2017.12.09"]
[EventType "swiss"]
[EventRounds "8"]
[EventCountry "CAN"]
[SourceTitle "hb 2017"]

1. Nf3 Nf6 2. d4 g6 3. g3 Bg7 4. Bg2 O-O 5. O-O d6 6. Nc3 c6 7. e4 e5 8. dxe5 dxe5 9. Qxd8 Rxd8 10. Nxe5 Nxe4 11. Nxf7 Nxc3 12. Nxd8 Ne2+ 13. Kh1 Nxc1 14. Raxc1 Nd7 15. Ne6 Bxb2 16. Rb1 Bf6 17. f4 Nb6 18. Nc7 Rb8 19. Rfe1 Kf7 20. Re8 Na8 21. Rxc8 Rxc8 22. Nxa8 b6 23. Nxb6 Rb8 24. Bxc6 Rxb6 25. Bd5+ Ke7 26. Re1+ Kd6 27. Bg8 h6 28. Bf7 g5 29. f5 Bc3 30. Re6+ Kc5 31. Kg2 Rxe6 32. Bxe6 h5 33. Kf3 Kd6 34. Bf7 h4 35. gxh4 gxh4 36. Kg4 Be5 37. Kxh4 Bxh2 38. Kg5 Ke7 39. Kg6 Be5 40. c4 Bd4 41. Bd5 Kf8 42. f6 Bc5 43. Kf5 Ke8 44. Ke6 Bd4 45. f7+ Kf8 46. Kd6 Bf6 47. c5 Be7+ 48. Kc6 Kg7 49. Kb5 Kf8 50. c6 Bd8 51. Ka6 1-0

[Event "Young Stars 2"]
[Site "Montreal CAN"]
[Date "2017.12.10"]
[Round "4.4"]
[White "Tanaka, Tyler"]
[Black "Guipi Bopala, Prince Eric jr"]
[Result "1-0"]
[WhiteElo "1993"]
[BlackElo "1606"]
[WhiteFideId "-1"]
[WhiteFideId "-1"]
[PlyCount "81"]
[GameId "2160767908292190"]
[EventDate "2017.12.09"]
[EventType "swiss"]
[EventRounds "8"]
[EventCountry "CAN"]
[SourceTitle "EXT 2022"]
[Source "ChessBase"]
[SourceDate "2021.10.06"]
[SourceVersion "1"]
[SourceVersionDate "2021.10.06"]
[SourceQuality "1"]

1. e4 d5 2. exd5 Qxd5 3. Nc3 Qa5 4. d4 Nf6 5. Nf3 Bg4 6. h3 Bh5 7. Bc4 e6 8. Bd2 c6 9. g4 Bg6 10. Qe2 Be7 11. Nd5 Qd8 12. Nxe7 Qxe7 13. O-O-O Nbd7 14. Bb3 h6 15. Bf4 Nd5 16. Bg3 O-O 17. h4 a5 18. c4 Nb4 19. c5 a4 20. Bc4 Qd8 21. a3 Nd5 22. Ne5 Nxe5 23. Bxe5 b5 24. Bd3 Bxd3 25. Rxd3 g6 26. f4 f6 27. Bd6 Re8 28. Qe4 f5 29. Qf3 b4 30. Rg1 Kh7 31. h5 gxh5 32. g5 Rg8 33. Qxh5 Rg6 34. Rdg3 Qg8 35. Qh4 bxa3 36. bxa3 Qh8 37. Be5 Qc8 38. Qh2 Qa6 39. Qc2 Rag8 40. Rh3 Qa5 41. Rgh1 1-0

[Event "Young Stars 2"]
[Site "Montreal CAN"]
[Date "2017.12.10"]
[Round "4.5"]
[White "Rasmussen, Nicolas"]
[Black "Durette, Francis"]
[Result "0-1"]
[WhiteElo "1062"]
[BlackElo "1990"]
[WhiteFideId "-1"]
[WhiteFideId "-1"]
[PlyCount "70"]
[GameId "2160767908292191"]
[EventDate "2017.12.09"]
[EventType "swiss"]
[EventRounds "8"]
[EventCountry "CAN"]
[SourceTitle "hb 2017"]

1. e4 d6 2. d4 g6 3. f4 Bg7 4. Be3 Nf6 5. Nc3 Ng4 6. Qd2 Nc6 7. d5 Nb4 8. Bd3 c5 9. a3 Nxd3+ 10. Qxd3 Bd7 11. Nf3 a6 12. O-O O-O 13. h3 Nxe3 14. Qxe3 b5 15. e5 Rb8 16. Ne4 Qc7 17. c3 Rbc8 18. Nf2 Qb7 19. Rad1 a5 20. b3 b4 21. axb4 axb4 22. c4 Ra8 23. Ra1 Ra3 24. Rxa3 bxa3 25. Ra1 Ra8 26. Ne1 a2 27. Qc3 f6 28. Ned3 fxe5 29. fxe5 Bf5 30. Nxc5 dxc5 31. g4 Bb1 32. g5 Ra3 33. Ng4 Qxb3 34. Qxb3 Rxb3 35. Kf2 Rxh3 0-1

[Event "Young Stars 2"]
[Site "Montreal CAN"]
[Date "2017.12.10"]
[Round "4.6"]
[White "Gauthier, Denis"]
[Black "Omichi, Haruaki"]
[Result "1-0"]
[WhiteElo "1833"]
[BlackElo "1485"]
[WhiteFideId "-1"]
[WhiteFideId "-1"]
[PlyCount "87"]
[GameId "2160767908292192"]
[EventDate "2017.12.09"]
[EventType "swiss"]
[EventRounds "8"]
[EventCountry "CAN"]
[SourceTitle "hb 2017"]

1. d4 d5 2. c4 dxc4 3. e4 e5 4. Nf3 exd4 5. Bxc4 Nc6 6. O-O Bc5 7. Ng5 Ne5 8. Nxf7 Nxf7 9. Bxf7+ Kxf7 10. Qh5+ Ke7 11. Qxc5+ Qd6 12. Qg5+ Qf6 13. Qg3 Kd7 14. Bf4 c5 15. Be5 Qg6 16. Bxg7 Nf6 17. Qxg6 hxg6 18. Bxh8 Nxe4 19. Re1 Nd6 20. Nd2 Kc6 21. Rac1 Bf5 22. Bxd4 b6 23. Be5 Nb5 24. a4 Nd6 25. Bxd6 Kxd6 26. Nc4+ Kc6 27. g4 Bd7 28. Ne5+ Kc7 29. Nxd7 Kxd7 30. Rcd1+ Kc7 31. Re7+ Kc6 32. Re6+ Kb7 33. Rxg6 Re8 34. Rd2 Re4 35. b3 c4 36. bxc4 Rxc4 37. Ra2 Ka6 38. a5 Kb5 39. axb6 axb6 40. Rb2+ Kc5 41. Rbxb6 Rd4 42. Rgc6+ Kd5 43. Rd6+ Kc5 44. Rxd4 1-0

[Event "Young Stars 2"]
[Site "Montreal CAN"]
[Date "2017.12.10"]
[Round "4.7"]
[White "Zhong, Kevin"]
[Black "Yan, Alex Jikai"]
[Result "1-0"]
[WhiteElo "1912"]
[BlackElo "1440"]
[WhiteFideId "-1"]
[WhiteFideId "-1"]
[PlyCount "89"]
[GameId "2160767908292193"]
[EventDate "2017.12.09"]
[EventType "swiss"]
[EventRounds "8"]
[EventCountry "CAN"]
[SourceTitle "hb 2017"]

1. e4 e5 2. Nf3 Nc6 3. Bc4 Bc5 4. c3 Nf6 5. d3 O-O 6. O-O h6 7. Re1 Bb6 8. h3 Re8 9. Bb3 d5 10. exd5 Nxd5 11. d4 e4 12. Nfd2 Nf6 13. Nf1 Be6 14. Bc2 Bd5 15. Nbd2 Re6 16. c4 Nxd4 17. cxd5 Qxd5 18. Bb3 Nxb3 19. Qxb3 c6 20. Ne3 Qxb3 21. Nxb3 Nd5 22. Nxd5 cxd5 23. Be3 Rc8 24. Nd4 Rf6 25. Rac1 Rxc1 26. Rxc1 a6 27. Rc8+ Kh7 28. Rb8 Bxd4 29. Bxd4 Rc6 30. Rxb7 Rc4 31. Be5 Rc1+ 32. Kh2 Kg8 33. Rb6 a5 34. Rb5 a4 35. Rxd5 a3 36. bxa3 Rc2 37. Kg3 Rxa2 38. Bd6 g6 39. Bb4 Rc2 40. a4 Rc4 41. Rb5 Rc8 42. a5 Ra8 43. Bc3 Ra7 44. Rb8+ Kh7 45. Rh8# 1-0